01202cas a22003017a 4500003000400000005001700004008004100021040002400062245003700086260005100123300003100174310001300205362006500218500008100283500004600364510001800410515007900428530005100507555004400558580003700602650001900639650004300658651002600701700004800727700003000775700004100805856005400846OSt20180510123512.0180510d18921894spcw| p|| ||| 0 b|spa|d aES-BaCBUbcatcCDMR03aLa Veladab: semanario ilustrado aBarcelona :bEspasa y Compañía,c1892-1894 a109 núms. :bil.;c34 cm aSetmanal0 aAño 1, no. 1 (4 jun. 1892)-año 3, no. 109 (30 jun. 1894) aDirigida per: Joan Mañé i Flaquer ; col·laborador: J. Maragall i Gorina aCapçalera mixta il. per: Apeles Mestres3 aPalau 356.913 aNúm. prospecte sense designació numèrica ni cronològica: maig 1892 aExisteix una edició digital en accés obert aÍndex anual al darrer núm. de l'any aContinuació de: Semana popular09aRevistes2thub04aInformació generalzEuropaxRevistes 4aBarcelona (Catalunya)1 aMañé y Flaquer, Juan,d1823-1901,edir.1 aMaragall, Joand1860-19111 aMestres, Apel·les,d1854-1936,eil.41z(Accés lliure)uhttp://ddd.uab.cat/record/68113